Economic growth theory and numerical solution methods
Salvato in:
| Autore principale: | |
|---|---|
| Altri autori: | , |
| Natura: | Libro |
| Lingua: | inglese |
| Pubblicazione: |
Berlin
Springer
2009
|
| Soggetti: | |
| Tags: |
Nessun Tag, puoi essere il primo ad aggiungerne!!
|
MARC
| LEADER | 00000nam$a2200000$$$4500 | ||
|---|---|---|---|
| 001 | 0097848 | ||
| 005 | 20240226134032.6 | ||
| 020 | |a 978-3-540-68665-1 | ||
| 041 | 0 | |a eng | |
| 044 | |a DE | ||
| 245 | 1 | 0 | |a Economic growth |b theory and numerical solution methods |c Alfonso Novales, Esther Fernández, Jesús Ruíz |
| 264 | 1 | |a Berlin |b Springer |c 2009 | |
| 300 | |a 528 s. | ||
| 610 | 2 | 0 | |a rast hospodársky |
| 610 | 2 | 0 | |a modelovanie ekonometrické |
| 610 | 2 | 0 | |a modely dynamické |
| 610 | 2 | 0 | |a modely stochastické |
| 610 | 2 | 0 | |a modely rastu |
| 610 | 2 | 0 | |a analýzy |
| 610 | 2 | 0 | |a politika peňažná |
| 100 | 1 | |a Novales, Alfonso | |
| 700 | 1 | |a Fernández, Esther | |
| 700 | 1 | |a Ruíz, Jesús | |